عرض عادي
عرض مارك
- Northrop, Linda.
مدخل إسم شخص
001 - رقم الضبط
- حقل الضبط: 39472
003 - معرف رقم الضبط
- حقل الضبط: OSt
005 - تاريخ ووقت أخر عملية
- حقل الضبط: 20131112160627.0
008 - عناصر بيانات ثابتة الطول
- حقل تحكم ثابت الطول: 131112|||a|||||| | ||| d
040 ## - مصدر الفهرسة
- هيئة الفهرسة الأصلية: OSt
- وكالة الكتابة: OSt
100 ## - مدخل -- أسم شخص
- إسم شخص: Northrop, Linda.
670 ## - بيانات المصدر موجوده
- الاستشهاد بالمصدر: Work cat.: (OSt)0: Clements, Paul, 1955- 39408, Software product lines :, c2002.
